00511 2200181 4500245011500000020001800115250001100133100001800144700002000162650001600182650001600198005001900214260004200233041001400275084000800289300002300297336000900320 aA Child Called "It" b : Sebuah Kisah Nyata Perjuangan Seorang Anak untuk Bertahan HidupcPelzer, DavidhText a979-686-400-2 aCet. 1 aPelzer, David aDanan Priatmoko aKisah Nyata aChild Abuse a20230126084054 aJakartabGramedia Pustaka Utamac2001 aIndonesia a813 a168 hlm. :c20 cm. atext